01525 a2200205 45000010006000000050017000060080041000230030015000640400040000790800182001192450042003012640080003433000025004235050760004480410008012081000025012167000021012417000020012627000037012825535520260407155827.0260407a1970 arg spa dAR-UNSa-BCEJYS aAR-UNSa-BCEJYSbspacAR-UNSa-BCEJYS a316.628xMotivación del comportamiento social. Necesidades. Aspiraciones. Motivos primarios, impulsos. Motivos secundarios, adquiridos (motivos sociales). Conflicto de motivos10aComo se motiva el éxito económico 1aMéxico :bUnión Tipográfica Editorial Hispano-Americana (UTEHA)c1970 axxii, 424 p.c23 cm. a1. Blanco del desarrollo: ¿El hombre o la sociedad? - 2. ¿Pueden los alumnos adquirir una fuerte necesidad de alcanzar el éxito? - 3. Planificación de un proyecto de desarrollo de negocios comunitarios - 4. Reclutamiento de hombres de negocios para el proyecto - 5. Naturaleza de los cursos de motivación del éxito en el Instituto SIET - 6. Cambio en las actividades de negocios despúes del adiestramiento - 7. Efectos del curso: resúmenes estadísticos - 8. Efectos de los cursos: algunos casos individuales - 9. Características de los participantes que cambiaron en el curso - 10. Estudios de casos - 11. Efecto psicológico del adiestramiento en motivación del éxito - 12. El papel de la educación psicológica en el desarrollo aspa1 aMcClelland, David C.1 aWinter, David G.1 aWinter, Sara K.1 aFernández Cepero, Manuel de J.